Catálogo
 En Linea

Caracas en catorce estaciones / (Registro nro. 6320)

Detalles MARC
000 -CABECERA
campo de control de longitud fija 00788cam a2200229 a 4500
001 - NÚMERO DE CONTROL
campo de control 000006529
003 - IDENTIFICADOR DEL NÚMERO DE CONTROL
campo de control DO-SdBNP
005 - FECHA Y HORA DE LA ÚLTIMA TRANSACCIÓN
campo de control 20251027142027.0
008 - DATOS DE LONGITUD FIJA--INFORMACIÓN GENERAL
campo de control de longitud fija 850321s1984 ve a b 000 0 spa d
040 ## - FUENTE DE LA CATALOGACIÓN
Centro catalogador/agencia de origen DO-SdBNP
Lengua de catalogación spa
Centro/agencia transcriptor BNPHU
082 ## - NÚMERO DE LA CLASIFICACIÓN DECIMAL DEWEY
Número de clasificación 987
Número de documento/Ítem B273c
100 1# - ENTRADA PRINCIPAL--NOMBRE DE PERSONA
Nombre de persona Barreto, Morella.
9 (RLIN) 18125
245 10 - MENCIÓN DE TÍTULO
Título Caracas en catorce estaciones /
Mención de responsabilidad, etc. Morella Barreto ; prólogo Antonio Padrón Toro.
260 ## - PUBLICACIÓN, DISTRIBUCIÓN, ETC.
Lugar de publicación, distribución, etc. Caracas, Venezuela :
Nombre del editor, distribuidor, etc. Editorial Tropykos,
Fecha de publicación, distribución, etc. 1984.
300 ## - DESCRIPCIÓN FÍSICA
Extensión 95 p. :
Otras características físicas il. ;
Dimensiones 21 cm.
504 ## - NOTA DE BIBLIOGRAFÍA, ETC.
Nota de bibliografía, etc. Incluye referencias bibliográficas (p. 87-91).
650 #4 - PUNTO DE ACCESO ADICIONAL DE MATERIA--TÉRMINO DE MATERIA
Término de materia o nombre geográfico como elemento de entrada Ferrocarriles subterraneos
Subdivisión geográfica Venezuela
Subdivisión general Estaciones
9 (RLIN) 18126
651 #0 - PUNTO DE ACCESO ADICIONAL DE MATERIA--NOMBRE GEOGRÁFICO
Nombre geográfico Venezuela
Subdivisión general Historia
9 (RLIN) 26230
700 1# - PUNTO DE ACCESO ADICIONAL--NOMBRE DE PERSONA
Nombre de persona Padrón Toro, Antonio,
Término indicativo de función/relación pról.
9 (RLIN) 18128
740 0# - PUNTO DE ACCESO ADICIONAL--TÍTULO RELACIONADO O ANALÍTICO NO CONTROLADO
Título relacionado o analítico no controlado Caracas en 14 estaciones.
942 ## - ELEMENTOS DE PUNTO DE ACCESO ADICIONAL (KOHA)
Fuente del sistema de clasificación o colocación Dewey Decimal Classification
Tipo de ítem Koha Libro
Existencias
Estado de retiro Estado de pérdida Restricciones de uso No para préstamo Código de colección Localización permanente Ubicación/localización actual Ubicación en estantería Fecha de adquisición Número de inventario Total de préstamos Signatura topográfica completa Código de barras Fecha visto por última vez Precio válido a partir de Tipo de ítem Koha Número de copia
      Excluido de préstamo Monografías: Libros y Folletos General General Depósito 31.08.2009 LF1   987 B273c 6529-10 25.06.2020 25.06.2020 No se presta  
      Excluido de préstamo Monografías: Libros y Folletos General General Depósito 29.05.2017 LF1   987 B273c 6529-20 25.06.2020 25.06.2020 No se presta e. 2

Con tecnología Koha